| 000 | 00622nam a2200229Ia 4500 | ||
|---|---|---|---|
| 003 | OSt | ||
| 005 | 20221007071856.0 | ||
| 006 | a|||||r|||| 00| 0 | ||
| 007 | ta | ||
| 008 | 221006b |||||||| |||| 00| 0 eng d | ||
| 024 | _a18,593 | ||
| 037 | _cTextual | ||
| 040 |
_aFLL _cFLL _beng |
||
| 041 |
_2eng _aeng |
||
| 082 | _aZ1:215, F4 | ||
| 100 | _aPotter Pitman B. | ||
| 245 | 0 | _aFreedom of the seas in history, law and politics | |
| 260 |
_aLondon _bLongmans, Green and Co. England _c1924 |
||
| 300 |
_a299p _ccm. |
||
| 942 |
_hZ1:215, F4 _cTEXL _2CC |
||
| 999 |
_c1144555 _d1144555 |
||